| 000 | 00797nam a2200253 i 4500 | ||
|---|---|---|---|
| 001 | 000009526 | ||
| 003 | DO-SdBNP | ||
| 005 | 20240412074311.0 | ||
| 007 | ta | ||
| 008 | 090930t1974 dr a 001 p spa d | ||
| 040 |
_aDO-SdBNP _bspa _cBNPHU _erda |
||
| 082 |
_bA141A _222 |
||
| 100 | 1 |
_aAdrover de Cibrán, Belkiss _924349 |
|
| 245 | 1 | 0 |
_aAbelardo Rodríguez Urdaneta : _bsu vida, su obra y sus maestros / _cBelkiss Adrover de Cibrán. |
| 264 |
_aCuruña, España : _bGráficas del Noroeste, _c1974. |
||
| 300 |
_a359 paginas. : _bilustraciones ; _c24 cm. |
||
| 336 |
_2rdacontent _atexto _btxt |
||
| 337 |
_2rdamedia _asin mediación _bn |
||
| 338 |
_2rdacarrier _avolumen _bnc |
||
| 590 | _aInventariado, 2023/DG | ||
| 650 | 0 |
_aLiteratura dominicana. _967 |
|
| 910 | _aDG | ||
| 942 |
_2ddc _cLBS1 |
||
| 999 |
_c54527 _d54527 |
||